[Event "La Pobla de Lillet op-B 32nd"]
[Site "La Pobla de Lillet"]
[Date "2023.08.10"]
[Round "9"]
[White "Soler Bel, Josep"]
[Black "Vila Camps, Carles"]
[Result "1-0"]
[WhiteElo "1774"]
[BlackElo "1624"]
[PlyCount "71"]
[EventDate "2023.08.02"]
[EventType "swiss"]
[EventRounds "9"]
[EventCountry "ESP"]
[SourceTitle "EXT 2024"]
[Source "ChessBase"]
[SourceDate "2023.10.10"]
[SourceVersion "1"]
[SourceVersionDate "2023.10.10"]
[SourceQuality "1"]

1. d4 e6 2. Nf3 c5 3. e4 Nf6 4. e5 Nd5 5. c4 Nb6 6. d5 d6 7. Nc3 dxe5 8. Nxe5 Bd6 9. f4 0-0 10. Bd3 Bxe5 11. fxe5 Qh4+ 12. g3 Qh3 13. Bf4 Na6 14. Qe2 exd5 15. Nxd5 Nxd5 16. cxd5 Nb4 17. Be4 Bf5 18. a3 Bxe4 19. Qxe4 Na6 20. 0-0-0 c4 21. Be3 b6 22. Kb1 Rac8 23. Rc1 Nc5 24. Bxc5 Rxc5 25. Rc3 Rd8 26. Rd1 Qd7 27. d6 b5 28. b4 Rcc8 29. Rd5 Qb7 30. e6 fxe6 31. Qxe6+ Qf7 32. Re3 Qxe6 33. Rxe6 c3 34. Rxb5 Kf7 35. Re7+ Kf6 36. Rc5 1-0

[Event "La Pobla de Lillet op-B 32nd"]
[Site "La Pobla de Lillet"]
[Date "2023.08.08"]
[Round "7"]
[White "Soler Bel, Josep"]
[Black "Nogue Fajula, Joan"]
[Result "1/2-1/2"]
[WhiteElo "1774"]
[BlackElo "1829"]
[PlyCount "51"]
[EventDate "2023.08.02"]
[EventType "swiss"]
[EventRounds "9"]
[EventCountry "ESP"]
[SourceTitle "EXT 2024"]
[Source "ChessBase"]
[SourceDate "2023.10.10"]
[SourceVersion "1"]
[SourceVersionDate "2023.10.10"]
[SourceQuality "1"]

1. d4 f5 2. e4 fxe4 3. Nc3 g6 4. Nxe4 Bg7 5. Nf3 Nf6 6. Ng3 b6 7. Bd3 Bb7 8. 0-0 d6 9. Re1 0-0 10. Ng5 Bd5 11. c4 Bf7 12. Be3 Nbd7 13. N3e4 e5 14. Nxf7 Rxf7 15. f3 exd4 16. Bxd4 Nc5 17. Nxc5 bxc5 18. Bc3 Qd7 19. Qd2 c6 20. Rad1 Re7 21. Rxe7 Qxe7 22. Re1 Qf8 23. Re6 Re8 24. Qe2 Qf7 25. Rxe8+ Nxe8 26. Bxg7 1/2-1/2

[Event "La Pobla de Lillet op-B 32nd"]
[Site "La Pobla de Lillet"]
[Date "2023.08.07"]
[Round "6"]
[White "Gamisans Cassi, Marc"]
[Black "Soler Bel, Josep"]
[Result "0-1"]
[WhiteElo "1640"]
[BlackElo "1774"]
[PlyCount "70"]
[EventDate "2023.08.02"]
[EventType "swiss"]
[EventRounds "9"]
[EventCountry "ESP"]
[SourceTitle "EXT 2024"]
[Source "ChessBase"]
[SourceDate "2023.10.10"]
[SourceVersion "1"]
[SourceVersionDate "2023.10.10"]
[SourceQuality "1"]

1. f4 e5 2. fxe5 d6 3. exd6 Bxd6 4. Nf3 g5 5. g3 g4 6. Nh4 Ne7 7. Nc3 Ng6 8. Nxg6 hxg6 9. Ne4 Be5 10. Bg2 f5 11. Nf2 Nc6 12. c3 Bd6 13. d4 Bd7 14. Qd3 Qe7 15. Bd2 0-0-0 16. 0-0-0 Qf7 17. Kb1 Rhe8 18. Rdf1 Qg8 19. Ka1 Bf8 20. e4 Be6 21. Qb1 Bc4 22. Re1 Na5 23. b4 Nc6 24. exf5 gxf5 25. Qxf5+ Be6 26. Qg5 Bg7 27. Nxg4 Nxd4 28. Rxe6 Nxe6 29. Qf5 Rxd2 30. Bd5 Bxc3+ 31. Kb1 Kb8 32. Rf1 Rb2+ 33. Kc1 Nd4 34. Bxg8 Ne2+ 35. Kd1 Rd2+ 0-1

[Event "La Pobla de Lillet op-B 32nd"]
[Site "La Pobla de Lillet"]
[Date "2023.08.06"]
[Round "5"]
[White "Soler Bel, Josep"]
[Black "Sobrevia Castellar, Lluis"]
[Result "1-0"]
[WhiteElo "1774"]
[BlackElo "1695"]
[PlyCount "39"]
[EventDate "2023.08.02"]
[EventType "swiss"]
[EventRounds "9"]
[EventCountry "ESP"]
[SourceTitle "EXT 2024"]
[Source "ChessBase"]
[SourceDate "2023.10.10"]
[SourceVersion "1"]
[SourceVersionDate "2023.10.10"]
[SourceQuality "1"]

1. d4 Nf6 2. Bg5 e6 3. Nd2 d5 4. e3 Be7 5. Bd3 b6 6. c3 Bb7 7. Bxf6 Bxf6 8. Ngf3 g6 9. Qe2 0-0 10. h4 h5 11. g4 hxg4 12. Ng5 Bxg5 13. Qxg4 Bh6 14. Nf3 Bc8 15. Ne5 f5 16. Qxg6+ Bg7 17. Rg1 Qf6 18. Qh5 Bd7 19. Ng4 Qe7 20. Nh6+ 1-0

[Event "Catalunya-ch Seniors"]
[Site "Malgrat del Mar"]
[Date "2023.05.18"]
[Round "5"]
[White "Ritter Aguilar, Jordi"]
[Black "Soler Bel, Josep"]
[Result "0-1"]
[WhiteElo "1724"]
[BlackElo "1754"]
[PlyCount "50"]
[EventDate "2023.05.14"]
[EventType "swiss"]
[EventRounds "8"]
[EventCountry "ESP"]
[SourceTitle "CBM 214 Extra"]
[Source "ChessBase"]
[SourceDate "2023.07.31"]
[SourceVersion "1"]
[SourceVersionDate "2023.07.31"]
[SourceQuality "1"]

1. c4 e6 2. e4 d5 3. exd5 exd5 4. d4 Nf6 5. Nc3 Bb4 6. Nf3 0-0 7. Be2 dxc4 8. 0-0 Nbd7 9. Bg5 h6 10. Bh4 Nb6 11. Ne4 Be7 12. Nxf6+ Bxf6 13. Bg3 c6 14. Qd2 Bg4 15. Rad1 Re8 16. Rfe1 Bxf3 17. Bxf3 Qxd4 18. h3 Qxd2 19. Rxe8+ Rxe8 20. Rxd2 Re1+ 21. Kh2 Ra1 22. Re2 Rxa2 23. Be4 Rxb2 24. Bc2 g6 25. Bd6 Nd5 0-1

[Event "Barcelona Ciutat op-B"]
[Site "Barcelona"]
[Date "2021.08.19"]
[Round "2"]
[White "Broadbent Brun, Jensen"]
[Black "Soler Bel, Josep"]
[Result "1/2-1/2"]
[WhiteElo "1637"]
[BlackElo "1834"]
[PlyCount "40"]
[EventDate "2021.08.18"]
[EventType "swiss"]
[EventRounds "9"]
[EventCountry "ESP"]
[SourceTitle "EXT 2022"]
[Source "ChessBase"]
[SourceDate "2021.10.06"]
[SourceVersion "1"]
[SourceVersionDate "2021.10.06"]
[SourceQuality "1"]

1. d4 d5 2. c4 e6 3. Nc3 c6 4. e3 Nf6 5. Nf3 Nbd7 6. Qc2 Bd6 7. g4 h6 8. Rg1 g5 9. cxd5 exd5 10. Bd2 Qe7 11. 0-0-0 Ne4 12. Be1 Ndf6 13. h3 h5 14. Nxe4 Nxe4 15. Bd3 hxg4 16. hxg4 Rg8 17. Nd2 Nf6 18. Bf5 Bxf5 19. Qxf5 Qe6 20. Qxe6+ fxe6 1/2-1/2

[Event "La Pobla de Lillet op-B 29th"]
[Site "La Pobla de Lillet"]
[Date "2019.08.09"]
[Round "8"]
[White "Rossell Aran, Joan"]
[Black "Soler Bel, Josep"]
[Result "0-1"]
[WhiteElo "1456"]
[BlackElo "1881"]
[PlyCount "70"]
[EventDate "2019.08.02"]
[EventType "swiss"]
[EventRounds "9"]
[EventCountry "ESP"]
[SourceTitle "EXT 2022"]
[Source "ChessBase"]
[SourceDate "2021.10.06"]
[SourceVersion "1"]
[SourceVersionDate "2021.10.06"]
[SourceQuality "1"]

1. e4 e6 2. d4 d5 3. exd5 exd5 4. Nf3 Bd6 5. Bd3 Ne7 6. Nc3 0-0 7. 0-0 c6 8. Ng5 Bf5 9. Bxf5 Nxf5 10. Qh5 h6 11. Nf3 Qf6 12. Be3 Nd7 13. Rad1 Rae8 14. Rfe1 Re6 15. Qg4 Rfe8 16. Bf4 Rxe1+ 17. Nxe1 Bxf4 18. Qxf4 Nxd4 19. Qg4 Qe6 20. Qxe6 Rxe6 21. Kf1 Nf5 22. Nf3 Nf6 23. h3 g5 24. g4 Nd6 25. Nd4 Re7 26. f3 c5 27. Nb3 Nc4 28. Kf2 d4 29. Na4 b6 30. Nc1 Ne3 31. Rd2 Nfd5 32. Nd3 Nf4 33. Nxf4 gxf4 34. c3 Rd7 35. b4 dxc3 0-1

[Event "La Pobla de Lillet op-B 29th"]
[Site "La Pobla de Lillet"]
[Date "2019.08.08"]
[Round "7"]
[White "Soler Bel, Josep"]
[Black "Aballanet Beltran, Eloi"]
[Result "1/2-1/2"]
[WhiteElo "1881"]
[BlackElo "1475"]
[PlyCount "64"]
[EventDate "2019.08.02"]
[EventType "swiss"]
[EventRounds "9"]
[EventCountry "ESP"]
[SourceTitle "EXT 2022"]
[Source "ChessBase"]
[SourceDate "2021.10.06"]
[SourceVersion "1"]
[SourceVersionDate "2021.10.06"]
[SourceQuality "1"]

1. d4 d5 2. c4 e5 3. e3 exd4 4. exd4 c5 5. Nc3 Nc6 6. cxd5 Nxd4 7. Nf3 Bg4 8. Be2 Bxf3 9. Bxf3 Bd6 10. 0-0 Ne7 11. Be3 Be5 12. Re1 0-0 13. Rc1 b6 14. Bxd4 cxd4 15. Rxe5 Ng6 16. Re1 dxc3 17. Rxc3 Rc8 18. Rxc8 Qxc8 19. g3 Re8 20. Rxe8+ Qxe8 21. Bg2 Qd7 22. Qc2 Ne7 23. Qe4 Qd6 24. Qf4 Qxf4 25. gxf4 Kf8 26. Kf1 Ke8 27. Ke2 Kd7 28. Kd3 Kd6 29. Kc4 a6 30. a4 Ng6 31. b4 f5 32. Bh3 Ne7 1/2-1/2

[Event "La Pobla de Lillet op-B 29th"]
[Site "La Pobla de Lillet"]
[Date "2019.08.07"]
[Round "6"]
[White "Jucla Esteve, Francisco Javier"]
[Black "Soler Bel, Josep"]
[Result "0-1"]
[WhiteElo "1647"]
[BlackElo "1881"]
[PlyCount "78"]
[EventDate "2019.08.02"]
[EventType "swiss"]
[EventRounds "9"]
[EventCountry "ESP"]
[SourceTitle "EXT 2022"]
[Source "ChessBase"]
[SourceDate "2021.10.06"]
[SourceVersion "1"]
[SourceVersionDate "2021.10.06"]
[SourceQuality "1"]

1. e4 e5 2. Nf3 Nc6 3. Bb5 a6 4. Ba4 Nf6 5. 0-0 b5 6. Bb3 Be7 7. c3 0-0 8. Re1 d5 9. d3 Bg4 10. Nbd2 Na5 11. Bc2 c5 12. exd5 Qxd5 13. Rxe5 Qxe5 14. Nxe5 Bxd1 15. Bxd1 Bd6 16. d4 cxd4 17. cxd4 Rfe8 18. Ndf3 Rac8 19. Be3 Nd5 20. Bd2 Nc4 21. Nxc4 bxc4 22. Bc3 Bb4 23. Ba4 Re7 24. Rc1 Bxc3 25. bxc3 Nf4 26. Kf1 f6 27. g3 Nd5 28. Ng1 Kf8 29. Ne2 Rb8 30. Rc2 Rb6 31. Nf4 Nxf4 32. gxf4 Re4 33. d5 f5 34. Bc6 Rxf4 35. Rd2 Rf3 36. Ke2 Rxc3 37. d6 Rd3 38. Rxd3 cxd3+ 39. Kxd3 Rxc6 0-1

[Event "La Pobla de Lillet op-B 29th"]
[Site "La Pobla de Lillet"]
[Date "2019.08.05"]
[Round "4"]
[White "Gamisans Cassi, Marc"]
[Black "Soler Bel, Josep"]
[Result "1/2-1/2"]
[WhiteElo "1647"]
[BlackElo "1881"]
[PlyCount "78"]
[EventDate "2019.08.02"]
[EventType "swiss"]
[EventRounds "9"]
[EventCountry "ESP"]
[SourceTitle "EXT 2022"]
[Source "ChessBase"]
[SourceDate "2021.10.06"]
[SourceVersion "1"]
[SourceVersionDate "2021.10.06"]
[SourceQuality "1"]

1. b4 e5 2. Bb2 Bxb4 3. Bxe5 Nf6 4. Nc3 Nc6 5. Bxf6 Qxf6 6. Nd5 Qd6 7. Nxb4 Qxb4 8. c3 Qe7 9. Nf3 0-0 10. e3 b6 11. Be2 Bb7 12. 0-0 d5 13. Qa4 Na5 14. Qg4 c5 15. Bd3 g6 16. Rfe1 Rfe8 17. Bb5 Bc6 18. Qa4 Qd7 19. Bxc6 Qxc6 20. Qf4 Rad8 21. Qh6 Qf6 22. Qg5 Kg7 23. Qxf6+ Kxf6 24. d3 Nc6 25. Rac1 Kg7 26. Kf1 f5 27. Re2 Kf6 28. Ke1 c4 29. d4 b5 30. Rb1 Rb8 31. Reb2 b4 32. cxb4 c3 33. Rb3 c2 34. Rc1 Nxb4 35. Kd2 Nxa2 36. Rxb8 Rxb8 37. Rxc2 Nb4 38. Rc7 a5 39. Ra7 Rc8 1/2-1/2

[Event "Martorell op 36th"]
[Site "Martorell"]
[Date "2018.09.15"]
[Round "1"]
[White "Soler Bel, Josep"]
[Black "Sanfeliu Fabregas, Albert"]
[Result "0-1"]
[WhiteElo "1928"]
[BlackElo "2172"]
[PlyCount "60"]
[EventDate "2018.09.15"]
[EventType "swiss"]
[EventRounds "9"]
[EventCountry "ESP"]
[SourceTitle "CBM 189 Extra"]
[Source "ChessBase"]
[SourceDate "2019.06.03"]
[SourceVersion "1"]
[SourceVersionDate "2019.06.03"]
[SourceQuality "1"]

1. f4 e5 2. fxe5 d6 3. exd6 Bxd6 4. Nf3 Nf6 5. d3 Ng4 6. g3 h5 7. Bf4 h4 8. Rg1 Nxh2 9. Nxh2 hxg3 10. Bxd6 gxh2 11. Bxh2 Rxh2 12. Qd2 Qd4 13. Qg5 Qxb2 14. c3 Nc6 15. Qf4 Qxa1 16. Qxh2 Qxb1+ 17. Kf2 Qb6+ 18. e3 Qb2+ 19. Be2 Qxc3 20. d4 g6 21. Qh8+ Ke7 22. Qh4+ Kd7 23. Qh3+ Kd8 24. Qh8+ Kd7 25. Qh3+ f5 26. Rxg6 Ne7 27. Rg7 Qc2 28. Kg3 Qe4 29. Bf3 Qe6 30. e4 f4+ 0-1

[Event "Martorell op 35th"]
[Site "Martorell"]
[Date "2017.09.30"]
[Round "3"]
[White "Jul Perez, Alberto"]
[Black "Soler Bel, Josep"]
[Result "1/2-1/2"]
[WhiteElo "2030"]
[BlackElo "1926"]
[PlyCount "112"]
[EventDate "2017.09.16"]
[EventType "swiss"]
[EventRounds "9"]
[EventCountry "ESP"]
[SourceTitle "CBM 189 Extra"]
[Source "ChessBase"]
[SourceDate "2019.06.03"]
[SourceVersion "1"]
[SourceVersionDate "2019.06.03"]
[SourceQuality "1"]

1. e4 e6 2. Nc3 d5 3. d4 Bb4 4. e5 c5 5. a3 Bxc3+ 6. bxc3 Ne7 7. Nf3 Qa5 8. Bd2 Nbc6 9. Be2 h6 10. h4 Bd7 11. c4 Qc7 12. cxd5 Nxd5 13. c4 Nde7 14. Bc3 cxd4 15. Bxd4 Nxd4 16. Qxd4 Qa5+ 17. Qd2 Qxd2+ 18. Kxd2 0-0-0 19. Kc3 Bc6 20. Nd4 a6 21. Bf3 Bxf3 22. Nxf3 Nc6 23. Rhe1 Rd7 24. Rad1 Rhd8 25. Rxd7 Rxd7 26. Nd2 Nd4 27. Ne4 Nf5 28. h5 Nh4 29. Rg1 Nf5 30. g4 Nd4 31. Re1 Nf3 32. Re2 Kc7 33. Nc5 Rd8 34. Nd3 Nd4 35. Re4 Nc6 36. f4 Ne7 37. Re1 Kc6 38. a4 b5 39. Rd1 Kc7 40. axb5 axb5 41. Ra1 Kb6 42. Rb1 Kc6 43. Rxb5 Nd5+ 44. Kb3 Ne3 45. Nb4+ Kc7 46. g5 Rd4 47. gxh6 gxh6 48. Na6+ Kc6 49. Nb4+ Kc7 50. c5 Rxf4 51. c6 Nd5 52. Rxd5 Rxb4+ 53. Kxb4 exd5 54. Kc5 d4 55. Kxd4 Kxc6 56. Ke4 Kd7 1/2-1/2